Roughnecks, drillers, and tool pushers : thirty-three years in the oil fields /

Bibliographic Details
Main Author: Lynch, Gerald, 1908-
Format: Book
Language:English
Published: Austin : University of Texas Press, 1987.
Edition:1st ed.
Series:Personal narratives of the West series.
Subjects:

MARC

Tag First Indicator Second Indicator Subfields
LEADER 00000cam a2200000 a 4500
001 in00000007568
005 20151005090034.0
008 870506s1987 txua s00110aeng
010 |a  87013857  
020 |a 0292715536 
035 |a (OCoLC)15792175 
035 |9 AAA2063AM 
040 |a DLC  |c DLC  |d TXA  |d UtOrBLW 
043 |a n-us--- 
049 |a TXAM  |c [A11028555] 
050 0 0 |a HD8039.P42  |b L95 1987 
082 0 |a 331.7/6223382/0924  |a B  |2 19 
100 1 |a Lynch, Gerald,  |d 1908- 
245 1 0 |a Roughnecks, drillers, and tool pushers :  |b thirty-three years in the oil fields /  |c by Gerald Lynch ; introduction by Bobby Weaver. 
250 |a 1st ed. 
264 1 |a Austin :  |b University of Texas Press,  |c 1987. 
300 |a xiv, 262 pages :  |b illustrations ;  |c 24 cm. 
336 |a text  |b txt  |2 rdacontent 
337 |a unmediated  |b n  |2 rdamedia 
338 |a volume  |b nc  |2 rdacarrier 
490 1 |a Personal narratives of the West series 
500 |a Includes index. 
600 1 0 |a Lynch, Gerald,  |d 1908- 
650 0 |a Petroleum workers  |z United States  |x Biography. 
650 0 |a Petroleum industry and trade  |z United States  |x History  |x Sources. 
830 0 |a Personal narratives of the West series. 
999 |a MARS 
999 f f |s 55274024-4ef1-3ed8-a676-8662d203647e  |i f0fa1afb-8216-3837-8360-bb54ce73a6b7  |t 0 
952 f f |p ric  |a Texas A&M University  |b Rellis Campus  |c Joint Library Facility  |d Remote Storage  |t 0  |e HD8039.P42 L95 1987  |h Library of Congress classification  |i unmediated -- volume  |m A14811028555 
998 f f |a HD8039.P42 L95 1987  |t 0  |l Remote Storage